000 00401pab a2200181 454500
008 180718b2009 xxu||||| |||| 00| 0 eng d
100 _aSaleh, Asif
245 _aMedia and politics
260 _c2009
300 _ap.31-35.
362 _aNov
650 _aMass media - Bangladesh
650 _aMass media
700 _aChowdhury, Mridul
773 _aSeminar
908 _aN
909 _a84732
999 _c84732
_d84732